Jurko Kresyla neočekavano skinčiv svoju žyvotnu put'-

Podrobná bibliografia
Hlavný autor: Kriško, Demeter (Autor)
Médium: Článok
Jazyk:ukrajinčina
PhysicalDescription:Fotogr.
Predmet:

MARC

LEADER 00000nab a2200000 a 4500
001 vtls009175780
003 SK-MaSNL
005 20260304034226.0
008 171110c2007 xo mr p 000 c0ukr
015 |a SNBRB2008/01 
038 |a SVKPOCL 
040 |a SVKPOCL  |b slo  |c AACR2  |e AACR2 
041 0 |a ukr 
044 |a xo  |c SK 
080 |a 75.071.1  |2 2001 
080 |a 929 Kresila, Juraj  |2 2001 
080 |a 72/76  |2 2001 
100 1 |a Kriško, Demeter  |4 aut  |9 1316826 
245 1 0 |a Jurko Kresyla neočekavano skinčiv svoju žyvotnu put'-  |c Dymitrij Kriško, Prjašiv 
300 |b Fotogr. 
600 1 7 |a Kresila, Juraj,  |d 1932-2007  |2 snkbucl  |9 255275 
650 0 7 |a rodáci  |2 snkbucl  |9 30842 
650 0 7 |a osobnosti  |2 snkbucl  |9 29820 
650 0 7 |a maliari  |2 snkbucl  |9 3150 
651 7 |a Michajlov (Slovensko)  |2 snkbucl  |9 51361 
655 7 |a nekrológy  |2 svkpocl  |9 402542 
773 0 |t Info Rusyn  |g Roč. IV, č. 4 (2007), s. 5 
852 |a SVKPO  |b KIS3GCP 
958 |a RN 
958 |a UK 
958 |a XC 
958 |a SK 
999 |c 2652012  |d 2653942